| 000 | 00818nam a22002655i 4500 | ||
|---|---|---|---|
| 001 | 12291 | ||
| 003 | ES-MaACL | ||
| 005 | 20250701212921.0 | ||
| 007 | t| | ||
| 008 | 941102s1994 sp ||||0| spa j | ||
| 020 | _a84-7923-028-2 | ||
| 040 |
_aM-BN _bspa _cM-BN |
||
| 080 | _a1 Adorno, Theodor W | ||
| 100 | 1 |
_aMandado Gutiérrez, Ramón Emilio. _9148447 |
|
| 245 | 1 | 0 |
_aTheodor W. Adorno (1903-1969) / _cRamón E. Mandado Gutiérrez. |
| 250 | _a1ª ed. | ||
| 260 |
_aMadrid : _bEdiciones del Orto, _c1994. |
||
| 300 |
_a93 p ; _c17 cm. |
||
| 490 | 1 | _aBiblioteca filosófica | |
| 504 | _aBibliografía: p. [90]-93. | ||
| 600 | 1 | 4 |
_aAdorno, Theodor W.- _xCrítica e interpretación. _918471 |
| 830 | 0 | 0 |
_aBiblioteca filosófica _9179275 |
| 852 |
_aES-MaACL _jL-19556 _bR.124329 |
||
| 999 |
_c12291 _d12291 |
||